Nommez les 62 centrales de Hydro-Québec - Statistiques

Statistiques générales
  • Ce quiz a été pris 58 fois
  • Le résultat moyen est 28 sur 62
Réponses sur la Carte
Les réponses sont colorées sur une échelle allant du rouge au vert en fonction du pourcentage des utilisateurs qui les ont devinées à leur premier essai. Vous pouvez retrouver ces pourcentages ci-dessous.
 
Statistiques - réponses
answer % Correct
Manic 5
90%
Beauharnois
80%
Manic 1
80%
Romaine 1
80%
Romaine 2
80%
Romaine 3
80%
Romaine 4
80%
La Grande 1
70%
La Grande 3
70%
La Grande 4
70%
Riviere des Prairies
70%
Robert Bourassa
70%
Shawinigan 2
70%
Carillon
60%
Chelsea
60%
Chute-Hemmings
60%
Drummondville
60%
La Gabelle
60%
Shawinigan 3
60%
Bersimis 1
50%
Chute-des-Chats
50%
Les cedres
50%
Rapide des coeurs
50%
Rapides farmer
50%
Rene Levesque
50%
Sainte-Marguerite 3
50%
Bersimis 2
40%
Jean lesage
40%
Laforge 1
40%
Laforge 2
40%
La Grande 2a
40%
Manic 5 pa
40%
Mitis 1
40%
Mitis 2
40%
Outardes 2
40%
Outardes 3
40%
Outardes 4
40%
Peribonka
40%
Rapides des Quinze
40%
Rocher de Grand Mere
40%
Sept-Chutes
40%
Toulnustouc
40%
Beaumont
30%
Bernard-Landry
30%
Brisay
30%
Bryson
30%
Chute-Allard
30%
Chute-Bell
30%
Eastmain 1
30%
Lac Robertson
30%
McCormick
30%
Paugan
30%
Rapide 2
30%
Rapide blanc
30%
Hart-Jaune
20%
La Tuque
20%
Rapide 7
20%
Rapides des iles
20%
Sarcelle
20%
Mercier
10%
Premiere chute
10%
Trenche
10%
Aucun quiz correspondant
Distribution des résultats
% des personnes avec chaque résultat
Percentile par nombre de réponses
Votre historique - résultats
Vous n’avez pas pris ce quiz